000 00183 a2200097 4500
020 _a9780140307047
041 _aeng
100 _aRoald Dahl
245 _aThe magic finger
942 _cK
999 _c26723
_d26723